000 00820cab a2200229 4500
001 WB2825-11
008 090401t1992 xxu||||| |||| 00| 0 eng d
035 _a(Sirsi) u43726
041 _aeng
245 _aLast chance to bid for task force trees grants
260 _c1992
350 _a0
490 _aTask Force Trees News Release
_v(1/92) 18 June 1992 (5)
520 _aThe Countryside Commission`s Task Force Trees programme set up to restore the damage after the 1987 storm, is nearing the end of its programme and is calling for local authorities to put in their requests for funding before the end of June.
650 _aCOUNTRYSIDE COMMISSION
650 _aGRANTS
650 _aTASK FORCE TREES PROGRAMME
650 _aTREE PLANTING
690 _aCONSERVATION
942 _n0
948 _c04/03/1997
999 _c27868
_d27868